<?xml version="1.0" encoding="UTF-8"?>
<record
    xmlns:xsi="http://www.w3.org/2001/XMLSchema-instance"
    xsi:schemaLocation="http://www.loc.gov/MARC21/slim http://www.loc.gov/standards/marcxml/schema/MARC21slim.xsd"
    xmlns="http://www.loc.gov/MARC21/slim">

  <leader>03153nam a2200565Ia 4500</leader>
  <controlfield tag="001">7177</controlfield>
  <controlfield tag="008">241029s9999    xx            000 0 und d</controlfield>
  <datafield tag="010" ind1=" " ind2=" ">
    <subfield code="a">6798</subfield>
  </datafield>
  <datafield tag="041" ind1=" " ind2=" ">
    <subfield code="a">Espa&#xF1;ol</subfield>
  </datafield>
  <datafield tag="082" ind1=" " ind2=" ">
    <subfield code="a">NO APLICA</subfield>
  </datafield>
  <datafield tag="245" ind1=" " ind2="0">
    <subfield code="a">Estrategias psicopedag&#xF3;gicas para la integraci&#xF3;n del estudiantado en el Sal&#xF3;n de Clases, en el Sexto Grado de la Escuela Primaria El Limonal, A&#xF1;o 2017-2018.</subfield>
  </datafield>
  <datafield tag="260" ind1=" " ind2=" ">
    <subfield code="a">Peravia</subfield>
  </datafield>
  <datafield tag="300" ind1=" " ind2=" ">
    <subfield code="a">87</subfield>
  </datafield>
  <datafield tag="520" ind1=" " ind2=" ">
    <subfield code="a">80</subfield>
  </datafield>
  <datafield tag="630" ind1=" " ind2=" ">
    <subfield code="a">Estrategias Pedag&#xF3;gicas</subfield>
  </datafield>
  <datafield tag="630" ind1=" " ind2=" ">
    <subfield code="a">Estudiantes</subfield>
  </datafield>
  <datafield tag="630" ind1=" " ind2=" ">
    <subfield code="a">Integraci&#xF3;n Social</subfield>
  </datafield>
  <datafield tag="630" ind1=" " ind2=" ">
    <subfield code="a">T&#xE9;cnicas de intervenci&#xF3;n</subfield>
  </datafield>
  <datafield tag="650" ind1=" " ind2=" ">
    <subfield code="a">Estrategias de aprendizajes</subfield>
  </datafield>
  <datafield tag="690" ind1=" " ind2=" ">
    <subfield code="a">Elaborado</subfield>
  </datafield>
  <datafield tag="700" ind1=" " ind2=" ">
    <subfield code="e">asesor</subfield>
    <subfield code="a"> &#xC3;&#x81;vila , Casilda</subfield>
  </datafield>
  <datafield tag="700" ind1=" " ind2=" ">
    <subfield code="e">autor</subfield>
    <subfield code="a"> Lara D&#xED;az , Santa Simons</subfield>
  </datafield>
  <datafield tag="700" ind1=" " ind2=" ">
    <subfield code="e">autor</subfield>
    <subfield code="a">a Aybar Carvajal , Santa Betin</subfield>
  </datafield>
  <datafield tag="901" ind1=" " ind2=" ">
    <subfield code="a">{"1":" Lara D&#xED;az ","2":"a Aybar Carvajal "}</subfield>
    <subfield code="b">{"1":"Santa Simons","2":"Santa Betin"}</subfield>
  </datafield>
  <datafield tag="902" ind1=" " ind2=" ">
    <subfield code="a">1</subfield>
  </datafield>
  <datafield tag="903" ind1=" " ind2=" ">
    <subfield code="a">{"1":" &#xC3;&#x81;vila "}</subfield>
    <subfield code="b">{"1":"Casilda"}</subfield>
  </datafield>
  <datafield tag="904" ind1=" " ind2=" ">
    <subfield code="a">Maestr&#xED;a en</subfield>
  </datafield>
  <datafield tag="905" ind1=" " ind2=" ">
    <subfield code="a">Orientaci&#xF3;n Educativa e Intervenci&#xF3;n Psicopedag&#xF3;gica</subfield>
  </datafield>
  <datafield tag="906" ind1=" " ind2=" ">
    <subfield code="a">2</subfield>
  </datafield>
  <datafield tag="907" ind1=" " ind2=" ">
    <subfield code="a">NO APLICA</subfield>
  </datafield>
  <datafield tag="908" ind1=" " ind2=" ">
    <subfield code="a">NO APLICA</subfield>
  </datafield>
  <datafield tag="909" ind1=" " ind2=" ">
    <subfield code="a"> Centro Universitario Regional de Ban&#xED;, CURBAN (UASD)</subfield>
  </datafield>
  <datafield tag="910" ind1=" " ind2=" ">
    <subfield code="a">NULL</subfield>
    <subfield code="b">NULL</subfield>
  </datafield>
  <datafield tag="911" ind1=" " ind2=" ">
    <subfield code="a">["1"]</subfield>
  </datafield>
  <datafield tag="912" ind1=" " ind2=" ">
    <subfield code="a">NO APLICA</subfield>
  </datafield>
  <datafield tag="913" ind1=" " ind2=" ">
    <subfield code="a">NULL</subfield>
  </datafield>
  <datafield tag="914" ind1=" " ind2=" ">
    <subfield code="a">03 de Diciembre de 2018</subfield>
  </datafield>
  <datafield tag="915" ind1=" " ind2=" ">
    <subfield code="a">24/11/19 10:11</subfield>
  </datafield>
  <datafield tag="916" ind1=" " ind2=" ">
    <subfield code="a">NULL</subfield>
  </datafield>
  <datafield tag="917" ind1=" " ind2=" ">
    <subfield code="a">NULL</subfield>
  </datafield>
  <datafield tag="918" ind1=" " ind2=" ">
    <subfield code="a">NO APLICA</subfield>
  </datafield>
  <datafield tag="919" ind1=" " ind2=" ">
    <subfield code="a">["245","96","124","241"]</subfield>
  </datafield>
  <datafield tag="520" ind1=" " ind2=" ">
    <subfield code="a">El objetivo general de este estudio fue: el estudiantado participa en la implementaci&#xF3;n de estrategias psicopedag&#xF3;gicas que garantice el desarrollo de destrezas, habilidades y actitudes para la integraci&#xF3;n en el sal&#xF3;n de clases. Como objetivos espec&#xED;ficos presentaron: el estudiantado se involucra en actividades que propicien el desarrollo de sus potencialidades y participan en acciones vinculadas a la mejora de las relaciones interpersonales. Fue un estudio cualitativo con un enfoque de investigaci&#xF3;n- acci&#xF3;n, sus t&#xE9;cnicas de intervenci&#xF3;n fueron triple diagn&#xF3;stico, observaci&#xF3;n participante, entrevista estructuradas, cuestionario abierto, lluvia de ideas, trabajo en equipo. La poblaci&#xF3;n en estudio estuvo conformada por 22 estudiantes del 6to grado, con edades entre 10 y 12 a&#xF1;os, ubicados en el Centro Educativo El Limonal.&#xA0;El estudio concluy&#xF3; que, el estudiantado en condiciones vulnerables debe ser favorecido para su crecimiento como persona. El Estudiantado reconoce que son parte integral de un grupo y que as&#xED; pueden mejorar la relaci&#xF3;n interpersonal, porque as&#xED; podr&#xE1;n nutrirse de estrategias que aportar&#xE1;n soluciones y reflexiones sobre sus actitudes.El estudio recomend&#xF3; al centro educativo la sensibilizaci&#xF3;n de los docentes sobre la implementaci&#xF3;n de las estrategias psicopedag&#xF3;gicas en su planificaci&#xF3;n anual.&#xA0; Sistematizaci&#xF3;n y monitoreo por parte de la comunidad educativa en la ejecuci&#xF3;n de las estrategias psicopedag&#xF3;gicas e implementaci&#xF3;n del proyecto de centro.&#xA0; &#xA0; &#xA0;</subfield>
  </datafield>
  <datafield tag="921" ind1=" " ind2=" ">
    <subfield code="a">78</subfield>
  </datafield>
  <datafield tag="922" ind1=" " ind2=" ">
    <subfield code="a">78</subfield>
  </datafield>
  <datafield tag="923" ind1=" " ind2=" ">
    <subfield code="a">1</subfield>
  </datafield>
  <datafield tag="924" ind1=" " ind2=" ">
    <subfield code="a">NO APLICA</subfield>
  </datafield>
  <datafield tag="942" ind1=" " ind2=" ">
    <subfield code="c">Tesis</subfield>
  </datafield>
  <datafield tag="999" ind1=" " ind2=" ">
    <subfield code="c">6798</subfield>
    <subfield code="d">6798</subfield>
  </datafield>
</record>
